| 000 | 00726nam a2200181Ia 4500 | ||
|---|---|---|---|
| 008 | 100921s9999 xx 000 0 und d | ||
| 082 |
_b21844 _a891.461 थ 32 |
||
| 100 | _aभट्ट कृष्ण जगन्नाथ,संपा,थळी कृष्ण जगन्नाथ. | ||
| 245 | _aसचरित्र समग्र कवितासंग्रह. | ||
| 260 |
_b--- _c1932 |
||
| 300 |
_a223 _b--- |
||
| 365 | _b2 | ||
| 520 | _aललित-काव्य. | ||
| 630 | _aसचरित्र समग्र कवितासंग्रह. | ||
| 650 | _aललित-काव्य. | ||
| 730 | _aसचरित्र समग्र कवितासंग्रह. | ||
| 942 | _cBOOK | ||
| 999 |
_c770957 _d770954 |
||